Zoom

Gespeichert in:
Bibliographische Detailangaben
1. Verfasser: Banyai, Istvan (VerfasserIn)
Format: Buch
Sprache:Spanisch
Veröffentlicht: Ciudad de México Fondo de Cultura Económica 1996
Schriftenreihe:Los Especiales de A la orilla del viento
Schlagworte:
Tags: Tag hinzufügen
Keine Tags, Fügen Sie den ersten Tag hinzu!

MARC

LEADER 00000nam a2200000 a 4500
001 UCO6107
003 CL-VaPUC
008 001006e19960000MX |||||||||||||||||spa|d
082 0 4 |a 760  |b BAN  |2 21 
100 0 |a Banyai, Istvan  |e author  |9 450965 
245 1 0 |a Zoom 
300 |a pág. irreg 
942 |c BK 
945 |d 20001006 00:00:00  |a vberengu 
260 |a Ciudad de México  |b Fondo de Cultura Económica  |c 1996 
650 0 |a Artes gráficas  |9 265865 
650 0 |a Artes visuales  |9 336870 
583 |a last modification  |c 20001006 00:00:00  |k Rodrigo Vera 
490 0 |a Los Especiales de A la orilla del viento 
999 |c 291894  |d 291892 
952 |0 0  |1 0  |4 0  |6 760_000000000000000_BAN_1996  |7 0  |8 A  |9 342201  |a BIBARQ  |b BIBARQ  |d 2019-11-20  |i 3645177  |l 5  |m 1  |o 760 BAN 1996  |p 3645177  |r 2025-01-20  |s 2024-09-05  |w 2019-11-20  |y BK  |k ARQ